Southville International School and Colleges
Your cart is empty.
  • Cart
  • Lists
    Public lists Eva Luna New books Lux_list list_1
    Your lists Log in to create your own lists
  • Log in to your account
  • Your cookies
  • Search history
Southville International School and Colleges
  • Advanced search
  • Recent comments
  • Most popular
  • Libraries

Log in to your account

Log in with GOOGLE


If you do not have an external account, but do have a local account, you can still log in:

  1. Home
  2. MARC view: Database cloud storage :
Normal view MARC view ISBD view

Database cloud storage : (Record no. 299975)

[ view plain ]
MARC details
000 -LEADER
fixed length control field 03573cam a2200385 i 4500
001 - CONTROL NUMBER
control field 17767959
003 - CONTROL NUMBER IDENTIFIER
control field SISC
005 - DATE AND TIME OF LATEST TRANSACTION
control field 20160808164234.0
008 - FIXED-LENGTH DATA ELEMENTS--GENERAL INFORMATION
fixed length control field 130607s2013 nyu 000 0 eng
010 ## - LIBRARY OF CONGRESS CONTROL NUMBER
LC control number 2013021940
020 ## - INTERNATIONAL STANDARD BOOK NUMBER
International Standard Book Number 9780071790154 (pbk.)
040 ## - CATALOGING SOURCE
Original cataloging agency DLC
Language of cataloging eng
Transcribing agency DLC
Description conventions rda
Modifying agency DLC
042 ## - AUTHENTICATION CODE
Authentication code pcc
050 00 - LIBRARY OF CONGRESS CALL NUMBER
Classification number QA 76.585
Item number .V46 2013
082 00 - DEWEY DECIMAL CLASSIFICATION NUMBER
Classification number 004.67/82
084 ## - OTHER CLASSIFICATION NUMBER
Classification number COM030000
Source of number bisacsh
100 1# - MAIN ENTRY--PERSONAL NAME
Personal name Vengurlekar, Nitin.
245 10 - TITLE STATEMENT
Title Database cloud storage :
Remainder of title the essential guide to Oracle automatic storage management /
Statement of responsibility, etc Nitin Vengurlekar, Prasad Bagal.
246 30 - VARYING FORM OF TITLE
Title proper/short title Essential guide to Oracle automatic storage management
250 ## - EDITION STATEMENT
Edition statement 1st edition.
260 ## - PUBLICATION, DISTRIBUTION, ETC. (IMPRINT)
Place of publication, distribution, etc NY :
Name of publisher, distributor, etc McGraw Hill,
Date of publication, distribution, etc 2013.
300 ## - PHYSICAL DESCRIPTION
Extent xx, 392 pages ;
Dimensions 24 cm
500 ## - GENERAL NOTE
General note Includes index.
505 8# - FORMATTED CONTENTS NOTE
Formatted contents note Machine generated contents note: -- 1) Database Consolidation into Private Clouds -- 2) Oracle Database Cloud Strategy -- 3) ASM and Grid Infrastructure -- 4) ACFS Design and Deployment -- 5) ACFS Data Services -- 6) ASM Instance -- 7) ASM Disks and Diskgroups -- 8) ASMLIB Concepts and Overview -- 9) ASM Files, Aliases, and Security -- 10) ASM and Space Allocation -- 11) ASMLIB Concepts and Overview -- 12) ASM Operations -- 13) ASM Persistent Data Structures -- 14) ASM and Database integration -- 15) ASM Optimizations in Oracle Engineered Solutions -- 16) ASM optimization for Engineered Solutions (Exadata and ODA) -- 17) ACFS Data Services -- 18) ASM and 3rd Party Integration -- 19) ACSF Design and Deployment -- 20) ASM Tools and utilities.
520 ## - SUMMARY, ETC.
Summary, etc "A complete solutions guide to Oracle Automatic Storage Management (ASM) and overall cloud storage management. Oracle Cloud Storage Management contains the latest information on the inner-workings of Oracle ASM and Oracle's overall cloud storage management strategy. This Oracle Press guide explains how to build and manage a scalable cloud storage infrastructure with Oracle ASM. You'll learn how to configure cloud storage solutions, build disk groups, use data striping and mirroring, and optimize performance. Details on ensuring consistency across server and storage platforms, maximizing data redundancy, and administering Oracle ASM are also included. Fully covers Oracle Exadata integration Offers a comprehensive understanding of why cloud storage management is critical to modern storage, and how to harness and integrate Oracle ASM Covers practical day-to-day usage, general operations, best practices, and tips & techniques Written by members of the team who developed and managed Oracle ASM/cloud storage management "--
520 ## - SUMMARY, ETC.
Summary, etc "Build and manage a scalable, highly available cloud storage solution. Filled with detailed examples and best practices, this Oracle Press guide explains how to set up a complete cloud-based storage system using Oracle Automatic Storage Management. Find out how to prepare hardware, build disk groups, efficiently allocate storage space, and handle security. Database Cloud Storage: The Essential Guide to Oracle Automatic Storage Management shows how to monitor your system, maximize throughput, and ensure consistency across servers and clusters"--
630 00 - SUBJECT ADDED ENTRY--UNIFORM TITLE
Uniform title Oracle (Computer file)
650 #0 - SUBJECT ADDED ENTRY--TOPICAL TERM
Topical term or geographic name as entry element Cloud computing.
650 #0 - SUBJECT ADDED ENTRY--TOPICAL TERM
Topical term or geographic name as entry element Database management.
650 #7 - SUBJECT ADDED ENTRY--TOPICAL TERM
Topical term or geographic name as entry element COMPUTERS / System Administration / Storage & Retrieval.
Source of heading or term bisacsh
700 1# - ADDED ENTRY--PERSONAL NAME
Personal name Bagal, Prasad.
906 ## - LOCAL DATA ELEMENT F, LDF (RLIN)
a 7
b cbc
c orignew
d 1
e ecip
f 20
g y-gencatlg
942 ## - ADDED ENTRY ELEMENTS (KOHA)
Source of classification or shelving scheme Library of Congress Classification
Koha item type Books
Holdings
Withdrawn status Lost status Source of classification or shelving scheme Damaged status Home library Current library Shelving location Date acquired Source of acquisition Cost, normal purchase price Sub Shelving location Total Checkouts Full call number Barcode Date last seen Price effective from Koha item type
    Library of Congress Classification   College Library College Library Graduate Section 08/08/2016 Library Fund 3090.00     QA 76.585 .V46 2013 C20653 05/15/2018 08/08/2016 Books

Database cloud storage :

APA

Vengurlekar N., Bagal P., . (2013). Database cloud storage. NY: McGraw Hill.

Chicago

Vengurlekar Nitin, Bagal Prasad, . 2013. Database cloud storage. NY: McGraw Hill.

Harvard

Vengurlekar N., Bagal P., . (2013). Database cloud storage. NY: McGraw Hill.

MLA

Vengurlekar Nitin, Bagal Prasad, . Database cloud storage. NY: McGraw Hill. 2013.

  • Place hold
  • Print
  • Cite
  • Add to your cart (remove)
  • Save record
    BIBTEX Dublin Core MARCXML MARC (non-Unicode/MARC-8) MARC (Unicode/UTF-8) MARC (Unicode/UTF-8, Standard) MODS (XML) RIS
  • More searches
    Search for this title in:
    Other Libraries (WorldCat) Other Databases (Google Scholar) Online Stores (Bookfinder.com) Open Library (openlibrary.org)

Exporting to Dublin Core...

SOUTHVILLE LIBRARY

Southville International School and Colleges Library

1281 Tropical Ave. Cor. Luxembourg St., BF Homes International, Las Pinas City

Tel. No. 8256374 / 252358 Loc. 117/146

Powered by Koha